| 000 | 02266nam a22003135i 4500 | ||
|---|---|---|---|
| 001 | 21985896 | ||
| 003 | NUST | ||
| 005 | 20220825163123.0 | ||
| 008 | 210408s2021 dcu 000 0 eng | ||
| 010 | _a 2021936756 | ||
| 020 |
_a9780815738862 _q(hardcover) |
||
| 020 |
_z9780815738879 _q(epub) |
||
| 038 | _aAzhar | ||
| 040 |
_aDLC _beng _erda _cDLC |
||
| 042 | _apcc | ||
| 082 |
_a323.443 _bRAU |
||
| 100 | 1 |
_aRauch, Jonathan, _eauthor. _997695 |
|
| 245 | 1 | 4 |
_aThe constitution of knowledge : _ba defense of truth _cJonathan Rauch. |
| 260 |
_aWashington : _bBrookings Institution Press, _c2021 |
||
| 263 | _a2106 | ||
| 300 | _a305p | ||
| 336 |
_atext _btxt _2rdacontent |
||
| 337 |
_aunmediated _bn _2rdamedia |
||
| 338 |
_avolume _bnc _2rdacarrier |
||
| 520 |
_a"Disinformation. Trolling. Conspiracies. Social media pile-ons. Campus intolerance. On the surface, these recent additions to our daily vocabulary appear to have little in common. But together, they are driving an epistemic crisis: a multi-front challenge to America's ability to distinguish fact from fiction and elevate truth above falsehood. In 2016, Russian trolls and bots nearly drowned the truth in a flood of fake news and conspiracy theories, and Donald Trump and his troll armies continued to do the same. Social media companies struggled to keep up with a flood of falsehoods, and too often didn't even seem to try. Experts and some public officials began wondering if society was losing its grip on truth itself. Meanwhile, another new phenomenon appeared: cancel culture. At the push of a button, those armed with a cellphone could gang up by the thousands on anyone who ran afoul of their sanctimony. In this pathbreaking book, Jonathan Rauch reaches back to the parallel eighteenth-century developments of liberal democracy and science to explain what he calls the "Constitution of Knowledge"-our social system for turning disagreement into truth. By explicating the Constitution of Knowledge and probing the war on reality, Rauch arms defenders of truth with a clearer understanding of what they must protect, as well as why and how to do so"-- _cProvided by publisher. |
||
| 906 |
_a0 _bibc _corignew _d2 _eepcn _f20 _gy-gencatlg |
||
| 942 |
_2ddc _cLC |
||
| 999 |
_c591136 _d591136 |
||